| 000 | 01306nam a2200325 i 4500 | ||
|---|---|---|---|
| 005 | 20220317000258.0 | ||
| 007 | ta | ||
| 008 | 210830s2009 sp a 0 br s dspa d | ||
| 020 | _a9788426137135 | ||
| 040 |
_aCO-BoRNBP _bspa _cCO-BoRNBP _erda |
||
| 041 | 1 |
_aspa _hger |
|
| 082 | 0 | 4 |
_a591.5 _bL15q _223 |
| 100 | 1 |
_aLange, Monika _d1968- _eautor |
|
| 245 | 1 | 0 |
_a¿Quién ha pasado por aquí? _blas huellas y los rastros de los animales _cMonika Lange ; ilustraciones Christine Faltermayr ; traducción de Maria Antonia Torras |
| 250 | _aPrimera edición | ||
| 264 | 1 |
_aBarcelona _bEditorial Juventud _c2009 |
|
| 300 |
_a30 páginas sin enumerar _bilustraciones _c21 cm |
||
| 336 |
_atexto _btxt _2rdacontent |
||
| 337 |
_asin mediación _bn _2rdamedia |
||
| 338 |
_avolumen _bnc _2rdacarrier |
||
| 521 | _aRecomendado para un público infantil mayor de 9 años | ||
| 534 | _tWer war denn da? | ||
| 545 | _aIncluye datos biográficos de la autora al inicio del texto | ||
| 650 | 1 | 7 |
_aHábitat (Ecología) _xLiteratura infantil _2ARMARC |
| 650 | 1 | 7 |
_aAnimales _xHábitos y conducta _xLiteratura infantil _2ARMARC |
| 650 | 1 | 7 |
_aAnimales _xHuellas _xLiteratura infantil _2ARMARC |
| 700 | 1 |
_aFaltermayr, Christine _eilustradora _9186230 |
|
| 700 | 1 |
_aTorras, María Antonia _etraductora _9186231 |
|
| 942 |
_2ddc _cBKINF |
||
| 999 |
_c3603 _d3603 |
||